00722nam a2200241 a 4500001001300000003000900013005001700022008004100039020002300080082001500103100002200118245003000140260003800170300000900208500003500217505002300252650002300275700002200298902000800320942000700328952012800335999001700463nice12345678IN_TiNIC20260116014341.0091022s2009 newa grp 000 0 eng  a9788182744073c99500a297.1bHUN aHunter, Shireen T aReformist Voices of ISLAM aNew Delhi bPentagon Press c2009 a322p aincludes index and biblioraphy2 aIndex Bibliography aIslam-20th Century1 aHunter, Shireen T bSRS cBK 001040708StackRoom-aHMIbHMId2009-10-23g995.00l3o297.1 HUNp022932r2019-10-17s2019-09-24v995.00w2009-10-22yBK c14932d14932